Statistics for American Television Sitcom Characters A to Z

Click here to take the quiz!

General Stats

  • This quiz has been taken 192 times
  • The average score is 14 of 26

Answer Stats

HintAnswer% Correct
BFirst name, Chandler, last name...Bing
91%
PLeonard's unlikely girlfriend (wife) on Big Bang TheoryPenny (Hofstadter)
84%
DShe was Sam's on-again off-again love interest on Cheers.Diane Chambers
80%
NFrasier's brotherNiles Crane
79%
UOn Family Matters, first name, Steve, last name...Urkel
74%
TThe only son on the Cosby ShowTheo Huxtable
73%
LThe mother on Family GuyLois Griffin
70%
KFirst Name, Cosmo, last name...Kramer
68%
AHe was the lovable racist that captured the heart of America in the seventies.Archie Bunker
67%
HHe is the dad on King of the Hill.Hank Hill
67%
SShe was played by Kim Cattrall on Sex and the CitySamantha Jones
67%
GManny's mother on Modern FamilyGloria Pritchett
62%
WShe was Kevin's love interest on The Wonder YearsWinnie Cooper
62%
OThe messy one on The Odd CoupleOscar Madison
60%
CHe was in charge of your days and your nights.Charles Pembroke
59%
MThe horrible boss on The Office.Michael Scott
58%
FA waitress on Alice whose tagline was "Kiss my gritts!"Florence Jean Castleberry
49%
JHis catch phrase was "Dy-no-mite!"James "J.J." Evans
44%
XHe helped Buffy slay vampiresXander Harris
34%
EShe left Diff'rent Strokes to be a dietitian in Peekskill.Edna Garrett
31%
ZShe was Cybill's daughter on the show, CybillZoey Woodbine
30%
RDee's annoying older brother on What's HappeningRoger "Raj" Thomas
27%
VHe was the night D.J. on WKRPVenus Flytrap
23%
IHe was the cook on M*A*S*H*.Igor Staminsky
17%
QThe titular character on McHale's NavyQuinton McHale
9%
YOn Barney Miller, first name Nick, last name...Yemana
4%

Score Distribution

Percentile by Number Answered

Percent of People with Each Score

Your Score History

You have not taken this quiz